000 00517nab a22001457 4500
003 ES-SlBCS
005 20211016203558.0
008 140318s2013 sp ||||| |||| 00| 0 spa d
040 _aES-SlBC
_bspa
041 _aspa
100 1 _aCao Martínez, Ramón
_970461
245 1 4 _a"El secreto escondido de mi plena identidad": una mirada a la santidad a partir de los escritos y la vida de Thomas Merton
_cRamón Cao Martínez
773 0 _gNúm. 351, 2013, págs. 113-126
_tConcilium
_wRev134
_x0210-1041
942 _2lcc
_cAR
999 _c452045
_d452045